00685nam a2200217 i 4500001000700000003000900007005001700016007000300033008004100036080002100077100003200098245005200130250001200182260003000194300002100224490002000245830002700265852003300292999001900325952012300344114424ES-MaACL20250315062553.0t|070227s1985 sp ||||1| spa d a821.134.2-14"19"1 aCamino, Antonio del.93407810aDel verbo y la penumbra / cAntonio del Camino. a1ª ed. aMadrid : bRialp, c1985. a87 p. ; c18 cm.1 aAdonais ; v42200aAdonáisv4229173743 aES-MaACLjJ-23-422 bR.20352 c114424d114424 00104070aATENEOMbATENEOMcDEPO2d2008-01-17eSCl0oJ-23-422p1119327r2023-02-23 00:00:00w2023-02-23yMONOGRAFIA